000 01113cam a22003133a 4500
001 6757
003 PGUSA
005 20140828083136.0
008 041001s2004||||xxu|||||s|||||000 1 eng d
040 _aPGUSA
_beng
042 _adc
050 4 _aPZ
050 4 _aPR
100 1 _aBunbury, Selina,
_d1802-1882
245 1 0 _aFanny, the Flower-Girl; or, Honesty Rewarded. To Which are Added Other Tales
_h[electronic resource] /
_cSelina Bunbury
260 _bProject Gutenberg,
_c2004
505 0 _aFanny, the flower-girl -- Convenient food -- The little pavior -- The silver knife -- The modern Dorcas -- The tract found by the way-side.
506 _aPublic domain in the USA.
516 _aElectronic text
653 _aFaith -- Juvenile fiction
653 _aOrphans -- Juvenile fiction
653 _aChristian literature for children
653 _aHonesty -- Juvenile fiction
653 _aChristian fiction, English -- 19th century
653 _aChildren -- Conduct of life -- Fiction
830 0 _aProject Gutenberg
_v6757
856 4 0 _uhttp://www.gutenberg.org/ebooks/6757
942 _cEB
999 _c236077
_d236077